000 00548cam a2200205 4500
001 M2165
008 090401t1996 xxu||||| |||| 00| 0 eng d
035 _a(Sirsi) u96335
041 _aeng
110 _aRoyal Institution of Chartered Surveyors
_94900
245 _aProposals for the 1996 budget.
260 _aLondon
_bRICS
_c1996
300 _a17p. ; 30cm.
350 _a4
490 _aRICS Memorandum
_vPU/Report(96)13
650 _aBUDGET 1996
690 _aPROPERTY-PROPERTY FINANCE AND INVESTMENT
942 _n0
948 _c04/03/1997
999 _c98641
_d98641